| 000 | 00356nam a22001097a 4500 | ||
|---|---|---|---|
| 082 | _a629.228 CLE'A | ||
| 100 |
_aCLEASE, A. G. DOUGHAS _956530 |
||
| 245 | _aAUTOMATIC TRANSMISSIONS AND TWO-PEDAL CONTROL OPERATION AND SERVICING GUIDE TO FULLY AUTOMATIC AND SEMI AUTOMATIC CAR TRANSMISSION | ||
| 260 |
_aLONDON _bGEORGE _c1959 |
||
| 300 | _a232P | ||
| 942 | _cBK | ||
| 999 |
_c566920 _d566920 |
||